000 00707nam a2200217Ia 4500
003 GCL
008 140319s9999 xx 000 0 ara d
020 _a5051309977
040 _aGCL /
_cGCL
082 0 4 _a819
_bج ن
100 1 _aجبران خليل جبران
245 1 0 _aالنبى :
_bترجمة موازية للنصين الانجليزى والعربى /
_cجبران خليل جبران
700 1 _aثروت عكاشة
250 _aالعاشرة
260 _aالقاهرة :
_bدار الشروق ،
_c2005
300 _a113 ص ؛
_c16 سم
650 0 4 _aالادب العربى
650 0 4 _aالنثر العربى
650 0 4 _aجبران خليل جبران
942 _2ddc
_cBK
999 _c8203
_d8203